All creatures great and small. (Record no. 232514)

000 -LEADER
fixed length control field 00715cam a2200241 4500
001 - CONTROL NUMBER
control field 4552179
003 - CONTROL NUMBER IDENTIFIER
control field Nust
005 - DATE AND TIME OF LATEST TRANSACTION
control field 20170220125132.0
008 - FIXED-LENGTH DATA ELEMENTS--GENERAL INFORMATION
fixed length control field 721205s1972 nyu 000 0aeng
010 ## - LIBRARY OF CONGRESS CONTROL NUMBER
LC control number 72079632
020 ## - INTERNATIONAL STANDARD BOOK NUMBER
International Standard Book Number 9780330250498
040 ## - CATALOGING SOURCE
Original cataloging agency DLC
Transcribing agency DLC
Modifying agency DLC
043 ## - GEOGRAPHIC AREA CODE
Geographic area code e-uk-en
050 00 - LIBRARY OF CONGRESS CALL NUMBER
Classification number SF613.H44
Item number A28
082 00 - DEWEY DECIMAL CLASSIFICATION NUMBER
Classification number 636.0890924
Author Mark HER
100 1# - MAIN ENTRY--PERSONAL NAME
Personal name Herriot, James.
245 10 - TITLE STATEMENT
Title All creatures great and small.
260 ## - PUBLICATION, DISTRIBUTION, ETC.
Place of publication, distribution, etc. New York,
Name of publisher, distributor, etc. St. Martin's Press
Date of publication, distribution, etc. 1972
300 ## - PHYSICAL DESCRIPTION
Extent 552 p.
Dimensions 22 cm.
350 ## - PRICE (NR) (BK AM CF MU VM SE) [OBSOLETE]
Price $7.95
600 10 - SUBJECT ADDED ENTRY--PERSONAL NAME
Personal name Herriot, James.
650 #0 - SUBJECT ADDED ENTRY--TOPICAL TERM
Topical term or geographic name entry element Veterinarians
Geographic subdivision England
-- Yorkshire
General subdivision Biography.
906 ## - LOCAL DATA ELEMENT F, LDF (RLIN)
a 7
b cbc
c orignew
d 2
e opcn
f 19
g y-gencatlg
942 ## - ADDED ENTRY ELEMENTS (KOHA)
Source of classification or shelving scheme
Koha item type Book
Holdings
Withdrawn status Lost status Source of classification or shelving scheme Damaged status Not for loan Permanent Location Current Location Shelving location Date acquired Total Checkouts Full call number Barcode Date last seen Copy number Price effective from Koha item type
          Central Library (CL) Central Library (CL) Fiction 02/20/2017   636.0890924 HER CL1736 02/20/2017 1 02/20/2017 Book
          NUST Baluchistan Campus (NBC) NUST Baluchistan Campus (NBC) General Stacks 02/24/2026   636.0890924 HER QD-795 02/24/2026   02/24/2026 Book
© 2023 Central Library, National University of Sciences and Technology. All Rights Reserved.